000 00754nas a2200241 a 4500
001 000626897
003 AM-YeHGA
005 20250618073212.0
008 090123c19179999gs |r|p 0 0arm d
040 _aAM-YeHGA
041 0 _aarm
222 0 _aՀայկաշեն
245 0 0 _aՀայկաշեն :
_bԱմսաթերթ ազգային, գրական, քաղաքական.
260 _aԹիֆլիզ :
_bԿովկասի կենտր. վարչ.,
_c1917-.
300 _aհամար.
310 _aԱմսեկան
362 0 _a1917-
650 0 4 _aԱմսագիր
650 1 4 _aԳրականություն
_vՊարբերականներ
_98507
650 1 4 _aՔաղաքականություն
_vՊարբերականներ
942 _2udc
_cCR
090 _c218595
999 _c217070
_d217070